000 00464nam a2200181Ia 4500
001 11049
005 20260306161917.0
008 260306t1960||||xx |||||||||||||| ||spa||
041 _aESP
082 _a985.001
_bR68A T. 1
100 _aRiva Agüero, José de la
_eAUT
245 0 _aAfirmación del Perú:
_bel Perú en su historia
260 _c1960
300 _axvii, 374 páginas :
_c20 cm.
650 _aGEN
654 _aCHU
942 _cLIB
_dJUS
_fJUS
_2ddc
_n
999 _c11049
_d11049